The descendants Οι απόγονοι
Η προσπάθεια ενός πατέρα να επανασυνδεθεί με τις κόρες του.
Αποθηκεύτηκε σε:
| Άλλοι συγγραφείς: | , |
|---|---|
| Μορφή: | |
| Γλώσσα: | English Multiple |
| Δημοσίευση: |
[S.l.] :
Fox,
c2012.
|
| Θέματα: | |
| Ετικέτες: |
Προσθήκη ετικέτας
Δεν υπάρχουν, Καταχωρήστε ετικέτα πρώτοι!
|
MARC
| LEADER | 00000cgm a2200000 i 4500 | ||
|---|---|---|---|
| 001 | 1/48807 | ||
| 008 | 140605s2012 xx ||| | || ||eng|| | ||
| 035 | |l 10117889 | ||
| 040 | |a GR-MyUa |b gre |e AACR2 | ||
| 041 | 0 | |a eng |j mul | |
| 082 | 7 | |a 791.437 |2 (22) | |
| 245 | 0 | 4 | |a The descendants |h [μαγνητοσκόπηση] = |b Οι απόγονοι / |c directed by Alexander Payne. |
| 246 | 1 | |i Παράλληλος τίτλος: |a Οι απόγονοι | |
| 260 | |a [S.l.] : |b Fox, |c c2012. | ||
| 300 | |a 1 βιντεοδίσκος (111 λεπτ.) : |b ομίλ., έγχρ. ; |c 4 3/4 ίν. | ||
| 500 | |a Κυκλοφόρησε πρώτη φορά ως κινηματογραφική ταινία το 2011. | ||
| 508 | |a Μουσική, Dondi Bastone ; μοντάζ, Kevin Tent ; διεύθυνση φωτογραφίας, Phedon Papamichael ; παραγωγή, Jim Burke, Alexander Payne, Jim Taylor ; βασισμένο στο μυθιστόρημα του Kaui Hart Hemmings ; σενάριο, Alexander Payne, Nat Faxon, Jim Rash. | ||
| 511 | 0 | |a George Clooney, Shallene Woodley, Beau Bridges, Judy Greer. | |
| 520 | 8 | |a Η προσπάθεια ενός πατέρα να επανασυνδεθεί με τις κόρες του. | |
| 546 | |a Στα αγγλικά με υπότιτλους στα ελληνικά. | ||
| 586 | 8 | |a Βραβείο Όσκαρ καλύτερου διασκευασμένου σεναρίου | |
| 586 | 8 | |a Χρυσή Σφαίρα καλύτερης ταινίας | |
| 586 | 8 | |a Χρυσή Σφαίρα Ά ανδρικού ρόλου | |
| 650 | 0 | |a Fathers and daughters |v Drama. | |
| 655 | 7 | |a Feature films |2 lcgft | |
| 700 | 1 | |a Payne, Alexander, |d 1961- |e drt | |
| 700 | 1 | |a Clooney, George, |e act | |
| 852 | |a INST |b SYROS |c AV |e 20140605 |h 791.437 PAY |p 005500011455 |q 005500011455 |t DVD |y 23 | ||
| 901 | |a BIBL5-2008-1 | ||
| 922 | |a 5ΕΛΗ |b 201311 |c Βιβλιοθήκη Σύρου |d Videorama | ||
| 970 | |a Κοντού |b Παρασκευή |z 05/06/2014 | ||